Vè, câu đố, đồng dao các dân tộc Thái, Nùng, Tày: Vè, câu đó dân tộc Thái, đồng dao Nùng, đồng dao Tày
v.v...
Đã lưu trong:
| Tác giả chính: | |
|---|---|
| Định dạng: | Sách |
| Năm xuất bản: |
H.
Văn hoá dân tộc
2011
|
| Chủ đề: | |
| Tags: |
Thêm thẻ
Không có thẻ, Hãy là người đầu tiên gắn thẻ bản ghi này!
|
| LEADER | 00783nam a2200217 4500 | ||
|---|---|---|---|
| 082 | |a 398.8 |b V561TH | ||
| 100 | |a Vương Thị Mín | ||
| 245 | |a Vè, câu đố, đồng dao các dân tộc Thái, Nùng, Tày: Vè, câu đó dân tộc Thái, đồng dao Nùng, đồng dao Tày |c Vương Thị Mín | ||
| 260 | |a H. |b Văn hoá dân tộc |c 2011 | ||
| 300 | |a 267 tr. |c 21 cm | ||
| 520 | |a v.v... | ||
| 653 | |a Văn học dân gian Việt Nam | ||
| 653 | |a Vè | ||
| 653 | |a Câu đố | ||
| 653 | |a Đồng dao | ||
| 653 | |a Dân tộc Thái | ||
| 653 | |a Dân tộc Nùng | ||
| 653 | |a Dân tộc Tày | ||
| 942 | |2 ddc |c SH | ||
| 999 | |c 8056 |d 8056 | ||
| 952 | |0 0 |1 0 |2 ddc |4 0 |6 398_800000000000000_V561TH |7 0 |8 300 |9 69145 |a qbu |b qbu |c D2 |d 2015-03-31 |o 398.8 V561TH |p 7984.c1 |r 0000-00-00 |w 2015-03-31 |y SH | ||